<?xml version="1.0" encoding="UTF-8"?>
<record
    xmlns:xsi="http://www.w3.org/2001/XMLSchema-instance"
    xsi:schemaLocation="http://www.loc.gov/MARC21/slim http://www.loc.gov/standards/marcxml/schema/MARC21slim.xsd"
    xmlns="http://www.loc.gov/MARC21/slim">

  <leader>00812nas a22002297a 4500</leader>
  <controlfield tag="003">NALT</controlfield>
  <controlfield tag="005">20240409145114.0</controlfield>
  <controlfield tag="006">a|||p|r|||| 00| 0 </controlfield>
  <controlfield tag="007">ta</controlfield>
  <controlfield tag="008">240405b        th |||p| |||| 00| 0 tha d</controlfield>
  <datafield tag="040" ind1=" " ind2=" ">
    <subfield code="a">NALT</subfield>
  </datafield>
  <datafield tag="245" ind1="0" ind2="0">
    <subfield code="a">&#xE41;&#xE2A;&#xE07;&#xE1E;&#xE23;&#xE30;&#xE18;&#xE23;&#xE23;&#xE21;</subfield>
  </datafield>
  <datafield tag="246" ind1="3" ind2="1">
    <subfield code="a">The Light of Dharma</subfield>
  </datafield>
  <datafield tag="260" ind1=" " ind2=" ">
    <subfield code="a">&#xE21;&#xE39;&#xE25;&#xE19;&#xE34;&#xE18;&#xE34;&#xE1E;&#xE23;&#xE30;&#xE21;&#xE34;&#xE48;&#xE07;&#xE21;&#xE07;&#xE04;&#xE25;&#xE28;&#xE23;&#xE31;&#xE17;&#xE18;&#xE32; 45 &#xE2D;&#xE33;&#xE40;&#xE20;&#xE2D;&#xE40;&#xE21;&#xE37;&#xE2D;&#xE07; &#xE08;&#xE31;&#xE07;&#xE2B;&#xE27;&#xE31;&#xE14;&#xE20;&#xE39;&#xE40;&#xE01;&#xE47;&#xE15;</subfield>
  </datafield>
  <datafield tag="310" ind1=" " ind2=" ">
    <subfield code="a">&#xE23;&#xE32;&#xE22;&#xE2B;&#xE01;&#xE40;&#xE14;&#xE37;&#xE2D;&#xE19;</subfield>
  </datafield>
  <datafield tag="500" ind1=" " ind2=" ">
    <subfield code="a">&#xE1A;&#xE23;&#xE34;&#xE08;&#xE32;&#xE04;</subfield>
  </datafield>
  <datafield tag="650" ind1=" " ind2="0">
    <subfield code="a">&#xE1E;&#xE38;&#xE17;&#xE18;&#xE28;&#xE32;&#xE2A;&#xE19;&#xE32;</subfield>
    <subfield code="9">123</subfield>
  </datafield>
  <datafield tag="850" ind1=" " ind2=" ">
    <subfield code="a">NALT</subfield>
  </datafield>
  <datafield tag="942" ind1=" " ind2=" ">
    <subfield code="c">JNR</subfield>
    <subfield code="s">1</subfield>
    <subfield code="0">1</subfield>
  </datafield>
  <datafield tag="952" ind1=" " ind2=" ">
    <subfield code="0">0</subfield>
    <subfield code="1">0</subfield>
    <subfield code="2">lcc</subfield>
    <subfield code="4">0</subfield>
    <subfield code="7">0</subfield>
    <subfield code="8">CPER</subfield>
    <subfield code="a">NALT</subfield>
    <subfield code="b">NALT</subfield>
    <subfield code="c">JNR</subfield>
    <subfield code="d">2024-04-09</subfield>
    <subfield code="e">&#xE1A;&#xE23;&#xE34;&#xE08;&#xE32;&#xE04;</subfield>
    <subfield code="h">&#xE1B;&#xE35;&#xE17;&#xE35;&#xE48; 1 &#xE09;&#xE1A;&#xE31;&#xE1A;&#xE17;&#xE35;&#xE48; 1 (&#xE01;.&#xE04;.-&#xE18;.&#xE04;. 2559)</subfield>
    <subfield code="l">1</subfield>
    <subfield code="p">2900035337</subfield>
    <subfield code="r">2024-04-09</subfield>
    <subfield code="s">2024-04-09</subfield>
    <subfield code="u">https://search-library.parliament.go.th/files/cover/Cover-journal/Sangpratum/Sangpra_v1n1.jpg</subfield>
    <subfield code="w">2024-04-09</subfield>
    <subfield code="y">JNR</subfield>
  </datafield>
  <datafield tag="952" ind1=" " ind2=" ">
    <subfield code="0">0</subfield>
    <subfield code="1">0</subfield>
    <subfield code="2">lcc</subfield>
    <subfield code="4">0</subfield>
    <subfield code="7">0</subfield>
    <subfield code="8">CPER</subfield>
    <subfield code="a">NALT</subfield>
    <subfield code="b">NALT</subfield>
    <subfield code="c">JNR</subfield>
    <subfield code="d">2024-04-09</subfield>
    <subfield code="e">&#xE1A;&#xE23;&#xE34;&#xE08;&#xE32;&#xE04;</subfield>
    <subfield code="h">&#xE1B;&#xE35;&#xE17;&#xE35;&#xE48; 1 &#xE09;&#xE1A;&#xE31;&#xE1A;&#xE17;&#xE35;&#xE48; 2 (&#xE21;.&#xE04;.-&#xE21;&#xE34;.&#xE22;. 2560)</subfield>
    <subfield code="l">0</subfield>
    <subfield code="p">2900035338</subfield>
    <subfield code="r">2024-04-09</subfield>
    <subfield code="u">https://search-library.parliament.go.th/files/cover/Cover-journal/Sangpratum/Sangpra_v1n2.jpg</subfield>
    <subfield code="w">2024-04-09</subfield>
    <subfield code="y">JNR</subfield>
  </datafield>
  <datafield tag="952" ind1=" " ind2=" ">
    <subfield code="0">0</subfield>
    <subfield code="1">0</subfield>
    <subfield code="2">lcc</subfield>
    <subfield code="4">0</subfield>
    <subfield code="7">0</subfield>
    <subfield code="8">CPER</subfield>
    <subfield code="a">NALT</subfield>
    <subfield code="b">NALT</subfield>
    <subfield code="c">JNR</subfield>
    <subfield code="d">2024-04-09</subfield>
    <subfield code="e">&#xE1A;&#xE23;&#xE34;&#xE08;&#xE32;&#xE04;</subfield>
    <subfield code="h">&#xE1B;&#xE35;&#xE17;&#xE35;&#xE48; 2 &#xE09;&#xE1A;&#xE31;&#xE1A;&#xE17;&#xE35;&#xE48; 1 (&#xE01;.&#xE04;.-&#xE18;.&#xE04;. 2560)</subfield>
    <subfield code="l">0</subfield>
    <subfield code="p">2900035339</subfield>
    <subfield code="r">2024-04-09</subfield>
    <subfield code="u">https://search-library.parliament.go.th/files/cover/Cover-journal/Sangpratum/Sangpra_v2n1.jpg</subfield>
    <subfield code="w">2024-04-09</subfield>
    <subfield code="y">JNR</subfield>
  </datafield>
  <datafield tag="952" ind1=" " ind2=" ">
    <subfield code="0">0</subfield>
    <subfield code="1">0</subfield>
    <subfield code="2">lcc</subfield>
    <subfield code="4">0</subfield>
    <subfield code="7">0</subfield>
    <subfield code="8">CPER</subfield>
    <subfield code="a">NALT</subfield>
    <subfield code="b">NALT</subfield>
    <subfield code="c">JNR</subfield>
    <subfield code="d">2024-04-09</subfield>
    <subfield code="e">&#xE1A;&#xE23;&#xE34;&#xE08;&#xE32;&#xE04;</subfield>
    <subfield code="h">&#xE1B;&#xE35;&#xE17;&#xE35;&#xE48; 2 &#xE09;&#xE1A;&#xE31;&#xE1A;&#xE17;&#xE35;&#xE48; 2 (&#xE21;.&#xE04;.-&#xE21;&#xE34;.&#xE22;. 2561)</subfield>
    <subfield code="l">0</subfield>
    <subfield code="p">2900035340</subfield>
    <subfield code="r">2024-04-09</subfield>
    <subfield code="u">https://search-library.parliament.go.th/files/cover/Cover-journal/Sangpratum/Sangpra_v2n2.jpg</subfield>
    <subfield code="w">2024-04-09</subfield>
    <subfield code="y">JNR</subfield>
  </datafield>
  <datafield tag="952" ind1=" " ind2=" ">
    <subfield code="0">0</subfield>
    <subfield code="1">0</subfield>
    <subfield code="2">lcc</subfield>
    <subfield code="4">0</subfield>
    <subfield code="7">0</subfield>
    <subfield code="8">CPER</subfield>
    <subfield code="a">NALT</subfield>
    <subfield code="b">NALT</subfield>
    <subfield code="c">JNR</subfield>
    <subfield code="d">2024-04-09</subfield>
    <subfield code="e">&#xE1A;&#xE23;&#xE34;&#xE08;&#xE32;&#xE04;</subfield>
    <subfield code="h">&#xE1B;&#xE35;&#xE17;&#xE35;&#xE48; 3 &#xE09;&#xE1A;&#xE31;&#xE1A;&#xE17;&#xE35;&#xE48; 1 (&#xE01;.&#xE04;.-&#xE18;.&#xE04;. 2561)</subfield>
    <subfield code="l">0</subfield>
    <subfield code="p">2900035341</subfield>
    <subfield code="r">2024-04-09</subfield>
    <subfield code="u">https://search-library.parliament.go.th/files/cover/Cover-journal/Sangpratum/Sangpra_v3n1.jpg</subfield>
    <subfield code="w">2024-04-09</subfield>
    <subfield code="y">JNR</subfield>
  </datafield>
  <datafield tag="952" ind1=" " ind2=" ">
    <subfield code="0">0</subfield>
    <subfield code="1">0</subfield>
    <subfield code="2">lcc</subfield>
    <subfield code="4">0</subfield>
    <subfield code="7">0</subfield>
    <subfield code="8">CPER</subfield>
    <subfield code="a">NALT</subfield>
    <subfield code="b">NALT</subfield>
    <subfield code="c">JNR</subfield>
    <subfield code="d">2024-04-09</subfield>
    <subfield code="e">&#xE1A;&#xE23;&#xE34;&#xE08;&#xE32;&#xE04;</subfield>
    <subfield code="h">&#xE1B;&#xE35;&#xE17;&#xE35;&#xE48; 3 &#xE09;&#xE1A;&#xE31;&#xE1A;&#xE17;&#xE35;&#xE48; 2 (&#xE21;.&#xE04;.-&#xE21;&#xE34;.&#xE22;. 2562)</subfield>
    <subfield code="l">0</subfield>
    <subfield code="p">2900035342</subfield>
    <subfield code="r">2024-04-09</subfield>
    <subfield code="u">https://search-library.parliament.go.th/files/cover/Cover-journal/Sangpratum/Sangpra_v3n2.jpg</subfield>
    <subfield code="w">2024-04-09</subfield>
    <subfield code="y">JNR</subfield>
  </datafield>
  <datafield tag="952" ind1=" " ind2=" ">
    <subfield code="0">0</subfield>
    <subfield code="1">0</subfield>
    <subfield code="2">lcc</subfield>
    <subfield code="4">0</subfield>
    <subfield code="7">0</subfield>
    <subfield code="8">CPER</subfield>
    <subfield code="a">NALT</subfield>
    <subfield code="b">NALT</subfield>
    <subfield code="c">JNR</subfield>
    <subfield code="d">2024-04-09</subfield>
    <subfield code="e">&#xE1A;&#xE23;&#xE34;&#xE08;&#xE32;&#xE04;</subfield>
    <subfield code="h">&#xE1B;&#xE35;&#xE17;&#xE35;&#xE48; 4 &#xE09;&#xE1A;&#xE31;&#xE1A;&#xE17;&#xE35;&#xE48; 1 (&#xE01;.&#xE04;.-&#xE18;.&#xE04;. 2562)</subfield>
    <subfield code="l">0</subfield>
    <subfield code="p">2900035343</subfield>
    <subfield code="r">2024-04-09</subfield>
    <subfield code="u">https://search-library.parliament.go.th/files/cover/Cover-journal/Sangpratum/Sangpra_v4n1.jpg</subfield>
    <subfield code="w">2024-04-09</subfield>
    <subfield code="y">JNR</subfield>
  </datafield>
  <datafield tag="952" ind1=" " ind2=" ">
    <subfield code="0">0</subfield>
    <subfield code="1">0</subfield>
    <subfield code="2">lcc</subfield>
    <subfield code="4">0</subfield>
    <subfield code="7">0</subfield>
    <subfield code="8">CPER</subfield>
    <subfield code="a">NALT</subfield>
    <subfield code="b">NALT</subfield>
    <subfield code="c">JNR</subfield>
    <subfield code="d">2024-04-09</subfield>
    <subfield code="e">&#xE1A;&#xE23;&#xE34;&#xE08;&#xE32;&#xE04;</subfield>
    <subfield code="h">&#xE1B;&#xE35;&#xE17;&#xE35;&#xE48; 5 (&#xE01;.&#xE04;.2563-&#xE21;&#xE34;.&#xE22;. 2564)</subfield>
    <subfield code="l">0</subfield>
    <subfield code="p">2900035344</subfield>
    <subfield code="r">2024-04-09</subfield>
    <subfield code="u">https://search-library.parliament.go.th/files/cover/Cover-journal/Sangpratum/Sangpra_v5n%20%E0%B8%81.%E0%B8%84.63-%E0%B8%A1%E0%B8%B4.%E0%B8%A2.2564.jpg</subfield>
    <subfield code="w">2024-04-09</subfield>
    <subfield code="y">JNR</subfield>
  </datafield>
  <datafield tag="952" ind1=" " ind2=" ">
    <subfield code="0">0</subfield>
    <subfield code="1">0</subfield>
    <subfield code="2">lcc</subfield>
    <subfield code="4">0</subfield>
    <subfield code="7">0</subfield>
    <subfield code="8">CPER</subfield>
    <subfield code="a">NALT</subfield>
    <subfield code="b">NALT</subfield>
    <subfield code="c">JNR</subfield>
    <subfield code="d">2024-04-09</subfield>
    <subfield code="e">&#xE1A;&#xE23;&#xE34;&#xE08;&#xE32;&#xE04;</subfield>
    <subfield code="h">&#xE1B;&#xE35;&#xE17;&#xE35;&#xE48; 6 (&#xE01;.&#xE04;.2564-&#xE21;&#xE34;.&#xE22;. 2565)</subfield>
    <subfield code="l">0</subfield>
    <subfield code="p">2900035345</subfield>
    <subfield code="r">2024-04-09</subfield>
    <subfield code="u">https://search-library.parliament.go.th/files/cover/Cover-journal/Sangpratum/Sangpra_v6nn.%E0%B8%84.64-%E0%B8%A1%E0%B8%B4.%E0%B8%A2.65.jpg</subfield>
    <subfield code="w">2024-04-09</subfield>
    <subfield code="y">JNR</subfield>
  </datafield>
  <datafield tag="952" ind1=" " ind2=" ">
    <subfield code="0">0</subfield>
    <subfield code="1">0</subfield>
    <subfield code="2">lcc</subfield>
    <subfield code="4">0</subfield>
    <subfield code="7">0</subfield>
    <subfield code="8">CPER</subfield>
    <subfield code="a">NALT</subfield>
    <subfield code="b">NALT</subfield>
    <subfield code="c">JNR</subfield>
    <subfield code="d">2024-04-09</subfield>
    <subfield code="e">&#xE1A;&#xE23;&#xE34;&#xE08;&#xE32;&#xE04;</subfield>
    <subfield code="h">&#xE1B;&#xE35;&#xE17;&#xE35;&#xE48; 7 (&#xE01;.&#xE04;.2565-&#xE21;&#xE34;.&#xE22;.2566) </subfield>
    <subfield code="l">0</subfield>
    <subfield code="p">2900035346</subfield>
    <subfield code="r">2024-04-09</subfield>
    <subfield code="u">https://search-library.parliament.go.th/files/cover/Cover-journal/Sangpratum/Sangpra_v7n%20n.%E0%B8%84.65-%E0%B8%A1%E0%B8%B4.%E0%B8%A2.66.jpg</subfield>
    <subfield code="w">2024-04-09</subfield>
    <subfield code="y">JNR</subfield>
  </datafield>
  <datafield tag="996" ind1=" " ind2=" ">
    <subfield code="a">jintana.i</subfield>
    <subfield code="b">SERSTF</subfield>
    <subfield code="c">2024-04-05</subfield>
  </datafield>
  <datafield tag="999" ind1=" " ind2=" ">
    <subfield code="c">105082</subfield>
    <subfield code="d">105082</subfield>
  </datafield>
  <datafield tag="998" ind1=" " ind2=" ">
    <subfield code="h">755</subfield>
    <subfield code="j">111</subfield>
    <subfield code="k"> &#xE19;&#xE32;&#xE07;&#xE2A;&#xE32;&#xE27;&#xE1E;&#xE08;&#xE1E;&#xE34;&#xE13;  &#xE1E;&#xE23;&#xE21;&#xE40;&#xE2D;&#xE35;&#xE48;&#xE22;&#xE21;</subfield>
  </datafield>
</record>
